| 000 | 01209nam a2200337 a 4500 | ||
|---|---|---|---|
| 001 | 000114809 | ||
| 003 | CHAP | ||
| 005 | 20220329144459.0 | ||
| 008 | 180417s2018 mx sm |||||||spa d | ||
| 010 | _a111270 | ||
| 011 | _a112242 | ||
| 040 | _cCHAP | ||
| 090 | _aTesis | ||
| 100 | 1 |
_aBenítez Pedro, Adriana _9135165 |
|
| 245 | 1 | 0 |
_aSelectividad y control de malezas en el cultivo de quinoa (Chenopodium quinoa Willd.) _w[En línea] _cpor Adriana Benítez Pedro. |
| 260 |
_aChapingo, Méx. : _bEl autor, _c2018. |
||
| 500 | _aPara ver el contenido del material haga clic en la liga | ||
| 502 | _aTesis (Ing. Agr. Esp. en Parasitología Agrícola) -- UACH. Departamento de Parasitología Agrícola | ||
| 590 |
_aBATCH _b00 _c20181121 _lUCH01 _h0759 |
||
| 590 |
_aE6339RRR _b05 _c20180417 _lUCH01 _h1415 |
||
| 590 |
_aE6339RRR _b05 _c20180417 _lUCH01 _h1415 |
||
| 590 |
_aE6339RRR _b05 _c20180417 _lUCH01 _h1416 |
||
| 650 | 1 | 4 |
_aHerbicidas _xAplicación. _953692 |
| 650 | 1 | 4 |
_aMalas hierbas _xControl. _970011 |
| 650 | 1 | 4 |
_aQuinoa _xCultivo. _9134331 |
| 856 |
_a1 _n0000931 |
||
| 856 |
_aFinding aid _uhttp://10.13.5.2/tesis/sist114809.pdf _zTeclea aquí |
||
| 901 | _aBK | ||
| 942 | _cLIBRO | ||
| 942 | _n0 | ||
| 999 |
_c111270 _d111270 |
||